000 00617nam a22001577a 4500
008 170309b xxu||||| |||| 00| 0 eng d
082 _22016
_aUT 0696
_bJ87
100 _919224
_aJuaner, Paul Francis A.
245 _aOnline English Teachers in Digos City Unveiling their Online Journey, Insights and Delights.
_cPual Francis A. Juaner, Conelyn M. Allawan and Rebecca M. Mejia.
300 _a47 pages;
_b29 cm.
650 0 _919226
_aEducation
_vEnglish
_xUndergraduate Thesis.
700 _919227
_aJuaner, Paul Francis A.
700 _919228
_aAllawan, Conelyn M.
700 _919229
_aMejia, Rebecca M.
942 _2ddc
_cUT
999 _c6380
_d6380